| 000 | 00951nas a2200337 4500 | ||
|---|---|---|---|
| 001 | BR2017001823 | ||
| 003 | BR-BrBNA | ||
| 005 | 20231205131016.0 | ||
| 007 | ta | ||
| 008 | 230509b bl.|||p| |||| 00| 00por d | ||
| 040 |
_aBR-BrBNA _bpor _cBiblioteca Nacional de Agricultura |
||
| 041 | _a(Pt) | ||
| 072 | _aL73 | ||
| 100 | 1 | _aAndreani, L.H. | |
| 100 | 1 | _aLemfers, T. | |
| 100 | 1 | _aFaustino, P.F. | |
| 100 | 1 | _aMartins, C.E.N. | |
| 100 | 1 | _aLuz, T.V.B. da | |
| 245 | 1 | _aDescarte de fígados bovinos por fasciolíase hepática em Santa Catarina, Brasil | |
| 650 | _aBOVINO | ||
| 650 | _aABATEDOURO | ||
| 650 | _aPARASITOSE | ||
| 650 | _aCARAMUJO | ||
| 650 | _aFÍGADO | ||
| 650 | _aLEVANTAMENTO | ||
| 650 | _aVETERINÁRIA | ||
| 650 | _aSANTA CATARINA | ||
| 773 | 0 |
_tRevista CFMV (Brazil) _xISSN 1517-6959 _g(Apr-Jun 2017), v. 23(73) p. 66-71 _wBR2017001823 |
|
| 909 |
_a202311 _bLúcia _c55 _dLúcia Elande |
||
| 942 |
_2AGRIS _n0 _cANA |
||
| 999 |
_c252556 _d252556 |
||